| 000 | 00365nam a2200133Ia 4500 | ||
|---|---|---|---|
| 008 | 231017s9999 xx 000 0 und d | ||
| 082 | _a624.171 | ||
| 082 | _bPRO | ||
| 245 | 0 | _aCost 345: Procedure Required for the Assessment of Highway Structures: Final Report | |
| 245 | 0 | _cEuopean Commission | |
| 260 | _bEuopean Commission | ||
| 300 | _c30cm | ||
| 942 | _cREP | ||
| 999 |
_c603840 _d603840 |
||